| 000 | 01146cam a2200349Ka 4500 | ||
|---|---|---|---|
| 001 | 73268 | ||
| 005 | 20230410123600.0 | ||
| 008 | 061020s2006 fr e b 001 0 fre d | ||
| 035 | _a(OCoLC)ocm75252635 | ||
| 040 |
_aAUXAM _beng _cAUXAM _dOCLCQ _dGUL _dDRPUC |
||
| 020 | _a2247068979 (pbk.) | ||
| 020 | _a9782247068975 (pbk.) | ||
| 035 | _a(OCoLC)75252635 | ||
| 043 | _ae-fr--- | ||
| 050 | 1 | 4 |
_aKJV 3796 _bJ62t 2006 |
| 100 | 1 | _aJobard-Bachellier, Marie-Noëlle. | |
| 245 | 1 | 3 |
_aLa technique de cassation : _bpourvois et arrêts en matière civile / _cMarie-Noëlle Jobard-Bachellier, Xavier Bachellier ; préface de André Ponsaard. |
| 250 | _a6a ed. | ||
| 260 |
_aParis : _bDalloz, _c2006. |
||
| 300 |
_axii, 196 p. ; _c24 cm. |
||
| 440 | 0 | _aMéthodes du droit | |
| 504 | _aIncludes bibliographical references and index. | ||
| 650 | 0 |
_aAppellate procedure _zFrance. |
|
| 650 | 0 |
_aAppellate courts _zFrance. |
|
| 650 | 4 |
_aRecurso de casación _zFrancia. |
|
| 650 | 4 |
_aApelación _zFrancia. |
|
| 650 | 4 |
_aDerecho procesal _zFrancia. |
|
| 700 | 1 | _aBachellier, Xavier. | |
| 942 |
_2lcc _cbk |
||
| 946 | _accruz | ||
| 994 |
_aC0 _bDRFGD |
||
| 999 |
_c64329 _d64329 |
||